Polityka Europejska - Statystyki

Ogólne statystyki
  • Ten quiz został rozwiązany 339 razy
  • Średni wynik to 9 z 15
Statystyki odpowiedzi
Hint Odpowiedź % Poprawnych
Wspólna Waluta większości państw Unii Europejskiej Euro
100%
Jedyne państwo, które opuściło UE Wielka Brytania
98%
Liczba gwiazd na fladze UE 12
93%
Liczba państw członkowskich UE 27
85%
Tytuł szefa niemieckiego rządu Kanclerz
83%
Aktualny prezydent Francji Emmanuel Macron
73%
Prezydent RP podczas wstąpienia do Unii Europejskiej Aleksander Kwaśniewski
61%
Organizacja będąca historycznym pierwowzorem UE to Europejska Wspólnota Węgla i _____ Stali
61%
Państwo, które dołączyło do Unii Europejskiej jako ostatnie Chorwacja
57%
Miasto, w którym znajduje się parlament europejski Strasbourg
55%
Waluta obowiązująca na Węgrzech Forint
43%
Europejskie państwo, którego głowa jest obywatelem Argentyny Watykan
39%
Nazwa europejskiego organu wykonawczego Komisja Europejska
33%
Pochodzący z Norwegii sekretarz generalny NATO Jens Stoltenberg
25%
Aktualny Europejski Komisarz ds. Rolnictwa i Rozwoju Wsi Janusz Wojciechowski
16%
Nie znaleziono quizów pasujących do podanych kryteriów
Rozkład punktacji
Procent ludzi z każdym wynikiem
Percentyl według liczby udzielonych odpowiedzi
Twoja historia wyników
Nie rozwiązałeś tego quizu